| 000 | 00537cam a22002171 4500 | ||
|---|---|---|---|
| 001 | sa 66007396 | ||
| 003 | DLC | ||
| 005 | 20260227112304.0 | ||
| 008 | 890815s1965 ii 000 0 orio | ||
| 010 | _asa 66007396 | ||
| 035 | _a(OCoLC)20181310 | ||
| 040 |
_aDLC _cWaU _dDLC |
||
| 042 | _apremarc | ||
| 050 | 0 | 0 |
_aPK2571 _b.M53 |
| 100 | 1 |
_aMisra, Gopal Chandra, _d1925- |
|
| 245 | 1 | 0 | _aĀdhunika Oḍiā sāhityara gatipatha. |
| 260 | _c[1965] | ||
| 300 |
_a124 p. _c19 cm. |
||
| 500 | _aIn Oriya. | ||
| 650 | 0 | _aOriya literature. | |
| 999 |
_c71159 _d71159 |
||